Guess the Celebrity by their Picture #8 - Statistics

General Stats
  • This quiz has been taken 100 times
  • The average score is 4 of 15
Answer Stats
Picture Answer % Correct
Dwayne Johnson
97%
Snoop Dogg
92%
Sofia Vergara
50%
James Dean
43%
Eliza Taylor
35%
Idina Menzel
23%
Jared Leto
20%
Henry Ian Cusick
16%
William Zabka
14%
Marie Avgeropoulos
5%
Dichen Lachman
3%
Erica Cerra
3%
Kelly Hu
2%
Nadia Hilker
1%
Maggie Q
0%
No matching quizzes found
Score Distribution
Percent of People with Each Score
Percentile by Number Answered
Your Score History
You have not taken this quiz